| 000 | 00330nam a22001217a 4500 | ||
|---|---|---|---|
| 005 | 20260422121001.0 | ||
| 008 | 260422b |||||||| |||| 00| 0 eng d | ||
| 050 | _aPE1408 HAL | ||
| 100 | _aHALL DONALD | ||
| 245 |
_aWRITING WELL _cDONALD HALL |
||
| 260 |
_aCANADA _bLITTLE, BROWN & COMPANY (CANADA) LIMITED _c1973 |
||
| 942 |
_2lcc _cBK _n0 |
||
| 999 |
_c9434 _d9434 |
||